| 000 | 00587nam a2200169Ia 4500 | ||
|---|---|---|---|
| 003 | OSt | ||
| 005 | 20230609144729.0 | ||
| 008 | 210423s2005 xx 000 0 und d | ||
| 040 | _cAL | ||
| 082 |
_a658.477 SCKP _223 |
||
| 100 |
_aSEKAR (K);others. _9123343 |
||
| 245 | _aPsychosocial care in disaster management facilitation manual for trainers of trainees in natural disasters. | ||
| 260 |
_aNew Delhi _bNIMHANS _c2005 |
||
| 365 | _cINR | ||
| 906 | _acare ; disaster ; disasters. ; facilitation ; management ; manual ; natural ; Psychosocial ; trainees ; trainers | ||
| 942 |
_2ddc _cBK |
||
| 999 |
_c174266 _d174266 |
||